[Event "Salzano op-B"]
[Site "Salzano"]
[Date "2017.12.02"]
[Round "3"]
[White "Capito, Mario"]
[Black "Porta, Federico"]
[Result "1/2-1/2"]
[WhiteElo "1797"]
[BlackElo "1808"]
[PlyCount "36"]
[EventDate "2017.12.01"]
[EventType "swiss"]
[EventRounds "5"]
[EventCountry "ITA"]
[SourceTitle "EXT 2022"]
[Source "ChessBase"]
[SourceDate "2021.10.06"]
[SourceVersion "1"]
[SourceVersionDate "2021.10.06"]
[SourceQuality "1"]

1. c4 Nf6 2. Nf3 g6 3. Nc3 Bg7 4. e4 d6 5. d4 0-0 6. Be2 c6 7. Bg5 Qa5 8. Qd2 e5 9. 0-0 Bg4 10. b4 Qc7 11. d5 cxd5 12. Bxf6 Bxf6 13. Nxd5 Qd8 14. Nxf6+ Qxf6 15. Rfd1 Bxf3 16. Bxf3 Nc6 17. Qxd6 Qxd6 18. Rxd6 Nxb4 1/2-1/2

[Event "Porto Sant Elpidio op 20th"]
[Site "Porto Sant Elpidio"]
[Date "2017.11.26"]
[Round "4.5"]
[White "Capito, Mario"]
[Black "Rinaudo, Andrea"]
[Result "1/2-1/2"]
[WhiteElo "1818"]
[BlackElo "1989"]
[PlyCount "175"]
[EventDate "2017.11.24"]
[EventType "swiss"]
[EventRounds "5"]
[EventCountry "ITA"]
[SourceTitle "EXT 2024"]
[Source "ChessBase"]
[SourceDate "2023.10.10"]
[SourceVersion "1"]
[SourceVersionDate "2023.10.10"]
[SourceQuality "1"]

1. e4 c5 2. Nc3 Nc6 3. g3 g6 4. Nge2 Bg7 5. Bg2 e6 6. d3 Nge7 7. 0-0 0-0 8. Be3 Nd4 9. Rb1 Nec6 10. Qd2 d6 11. f4 Rb8 12. g4 f5 13. gxf5 exf5 14. Ng3 Be6 15. Nd5 Ne7 16. Rbe1 Qd7 17. Nxe7+ Qxe7 18. c3 Nb5 19. exf5 gxf5 20. a4 Nc7 21. d4 Bc4 22. dxc5 dxc5 23. Rf2 Rbd8 24. Qc1 b6 25. Bd4 Qd7 26. Be5 Rf7 27. Bh3 Ne8 28. Nh5 Nf6 29. Bxf6 Bxf6 30. Rg2+ Kh8 31. Nxf6 Rxf6 32. Rg5 Rg8 33. Rxg8+ Kxg8 34. Qe3 Re6 35. Qf2 Kf7 36. Rxe6 Qxe6 37. Qd2 Bd5 38. Kf2 Qe4 39. b3 Kf6 40. c4 Qf3+ 41. Ke1 Qh1+ 42. Bf1 Qe4+ 43. Be2 Bf7 44. Qd6+ Kg7 45. Kf2 Qe8 46. h4 Qe4 47. Qe5+ Kg6 48. h5+ Kh6 49. Qf6+ Bg6 50. Qg5+ Kg7 51. hxg6 hxg6 52. Qg3 Kf6 53. Qc3+ Kf7 54. Qf3 Qd4+ 55. Kg2 Kg7 56. Kh3 Qb2 57. Qe3 Kh6 58. Bf3 Qb1 59. Bd5 Qd1 60. Kg3 Qg4+ 61. Kf2 Qd1 62. Qh3+ Kg7 63. Qc3+ Kh7 64. Bf3 Qd6 65. Qe3 Qd8 66. Ke2 Qh4 67. Kd3 Qf6 68. Kc2 Qh4 69. Bd5 Qh2+ 70. Kb1 Qh4 71. Qe5 Qd8 72. Qe6 Kg7 73. Qf7+ Kh6 74. Kb2 Qh8+ 75. Kc2 Qd4 76. Qf8+ Kh5 77. Qd6 Qf2+ 78. Kd3 Qf1+ 79. Ke3 Qe1+ 80. Kf3 Qc3+ 81. Kg2 Qd2+ 82. Kg3 Qe1+ 83. Kg2 Qe2+ 84. Kg1 Qe1+ 85. Kh2 Qf2+ 86. Bg2 Qh4+ 87. Kg1 Qe1+ 88. Bf1 1/2-1/2

[Event "ITA-ch B"]
[Site "Civitanova Marche"]
[Date "2012.07.19"]
[Round "5"]
[White "Raselli, Claudio"]
[Black "Capito, Mario"]
[Result "0-1"]
[WhiteElo "1890"]
[BlackElo "1857"]
[PlyCount "56"]
[EventDate "2012.07.15"]
[EventType "swiss"]
[EventRounds "8"]
[EventCountry "ITA"]
[SourceTitle "EXT 2023"]
[Source "ChessBase"]
[SourceDate "2022.10.05"]
[SourceVersion "1"]
[SourceVersionDate "2022.10.05"]
[SourceQuality "1"]

1. Nf3 f5 2. d4 g6 3. e3 Nf6 4. Bd3 d6 5. b3 Bg7 6. Bb2 Nbd7 7. Nbd2 e6 8. 0-0 Qe7 9. e4 Nf8 10. exf5 gxf5 11. Re1 Bd7 12. Bxf5 0-0-0 13. c4 Nh5 14. Qc2 Qf6 15. Bg4 Nf4 16. c5 Kb8 17. cxd6 cxd6 18. Ba3 Bc6 19. Ne4 Qg6 20. Bxd6+ Rxd6 21. Ne5 Bxe5 22. dxe5 Rd3 23. f3 h5 24. Rad1 Rxd1 25. Qxd1 Nd7 26. Qd6+ Ka8 27. g3 hxg4 28. gxf4 gxf3+ 0-1

[Event "Senigallia op 5th"]
[Site "Senigallia"]
[Date "2010.08.06"]
[Round "5"]
[White "Capito, Mario"]
[Black "Padovani, Alessio"]
[Result "1-0"]
[WhiteElo "1823"]
[BlackElo "1978"]
[PlyCount "129"]
[EventDate "2010.08.02"]
[EventType "swiss"]
[EventRounds "7"]
[EventCountry "ITA"]
[SourceTitle "CBM 137 Extra"]
[Source "ChessBase"]
[SourceDate "2010.09.01"]
[SourceVersion "1"]
[SourceVersionDate "2010.09.01"]
[SourceQuality "1"]

1. d4 e5 2. dxe5 d6 3. Nf3 Bg4 4. Bf4 Nc6 5. exd6 Qf6 6. d7+ Bxd7 7. Qc1 Bb4+ 8. c3 Ba5 9. e3 h6 10. Nbd2 Nge7 11. Nc4 0-0-0 12. Nxa5 Nxa5 13. b4 Nac6 14. b5 Na5 15. Be5 Qe6 16. c4 f6 17. Bd4 Kb8 18. Qa3 b6 19. c5 Nf5 20. cxb6 axb6 21. Qc3 Rhe8 22. Rc1 Rc8 23. a4 Nd6 24. Nd2 h5 25. Be2 g5 26. Bxf6 Qf5 27. Bd3 Qg4 28. 0-0 h4 29. Qd4 Qe6 30. Bxg5 Rg8 31. Qxh4 Rh8 32. Qd4 Rcg8 33. Be4 Nxe4 34. Nxe4 Nb3 35. Qc4 Nxc1 36. Rxc1 Qg4 37. Qxc7+ Ka8 38. Nd6 Rb8 39. Bf4 Rhc8 40. Nxc8 Rxc8 41. f3 Rxc7 42. Rxc7 Qg7 43. h4 Qh7 44. h5 Qf5 45. Kf2 Qf7 46. g4 Qa2+ 47. Kg3 Qd2 48. Kh4 Qd5 49. h6 Qd1 50. Be5 Qd3 51. e4 Qd2 52. f4 Qd1 53. f5 Qe1+ 54. Kg5 Qd2+ 55. Bf4 Qd4 56. e5 Bxb5 57. Rc8+ Kb7 58. h7 Bd7 59. Rf8 Qxa4 60. h8Q Qc6 61. Rb8+ Ka6 62. e6 Bxe6 63. Qa1+ Kb5 64. Qb2+ Kc5 65. Qxb6+ 1-0

[Event "Fermo Provinciale-ch FM"]
[Site "Porto San Giorgio"]
[Date "2010.01.24"]
[Round "2"]
[White "Giobbi, Costantino"]
[Black "Capito, Mario"]
[Result "0-1"]
[WhiteElo "1913"]
[BlackElo "1804"]
[PlyCount "112"]
[EventDate "2010.01.23"]
[EventType "swiss"]
[EventRounds "6"]
[EventCountry "ITA"]
[SourceTitle "EXT 2024"]
[Source "ChessBase"]
[SourceDate "2023.10.10"]
[SourceVersion "1"]
[SourceVersionDate "2023.10.10"]
[SourceQuality "1"]

1. e4 c5 2. Nf3 Nc6 3. Bb5 a6 4. Bxc6 bxc6 5. 0-0 d5 6. d3 e6 7. Nbd2 Be7 8. Re1 Nf6 9. e5 Nh5 10. Nf1 g6 11. Bh6 Rg8 12. Ne3 a5 13. g3 Ba6 14. h4 Rb8 15. b3 d4 16. Nf1 Ng7 17. Bg5 Nf5 18. N1d2 h6 19. Bxe7 Nxe7 20. Ne4 Nd5 21. Qd2 Rh8 22. Nxc5 Bb7 23. Ne4 Qb6 24. Nd6+ Ke7 25. Nc4 Qb4 26. Nxd4 c5 27. Ne2 Qxd2 28. Nxd2 Nb4 29. Rec1 Rbd8 30. a3 Nc6 31. Nc4 Rd5 32. Nc3 Rd4 33. Nb5 Rg4 34. Ne3 h5 35. Nxg4 hxg4 36. Nd6 Ba8 37. b4 Nxe5 38. Ne4 Nf3+ 39. Kf1 c4 40. bxa5 f5 41. Ng5 Nd2+ 42. Ke2 c3 43. Rd1 Nf3 44. Nxf3 Bxf3+ 45. Ke3 Bxd1 46. Rxd1 Ra8 47. Rb1 Rxa5 48. Rb3 Re5+ 49. Kf4 Kf6 50. f3 Re2 51. fxg4 Rxc2 52. g5+ Ke7 53. Rb7+ Kd6 54. Rb5 Rc1 55. Ke3 Re1+ 56. Kd4 c2 0-1

[Event "Fermo Provinciale-ch FM"]
[Site "Porto San Giorgio"]
[Date "2010.01.23"]
[Round "1"]
[White "Capito, Mario"]
[Black "Tittarelli, Elena"]
[Result "1-0"]
[WhiteElo "1804"]
[BlackElo "1365"]
[PlyCount "81"]
[EventDate "2010.01.23"]
[EventType "swiss"]
[EventRounds "6"]
[EventCountry "ITA"]
[SourceTitle "EXT 2024"]
[Source "ChessBase"]
[SourceDate "2023.10.10"]
[SourceVersion "1"]
[SourceVersionDate "2023.10.10"]
[SourceQuality "1"]

1. e4 e5 2. f4 f6 3. fxe5 fxe5 4. Qh5+ g6 5. Qxe5+ Qe7 6. Qxh8 Nf6 7. d3 Qg7 8. Qxg7 Bxg7 9. Nc3 d6 10. Nf3 Be6 11. Bd2 Nbd7 12. d4 d5 13. exd5 Nxd5 14. Be2 0-0-0 15. Nxd5 Bxd5 16. c3 Re8 17. Kf2 Nf6 18. Rhe1 Ne4+ 19. Kg1 Nxd2 20. Nxd2 Bh6 21. Bg4+ Kd8 22. Rxe8+ Kxe8 23. Re1+ Kd8 24. Nb3 Bxb3 25. axb3 c6 26. Be6 Bd2 27. Re2 Bc1 28. Bg8 h6 29. c4 a6 30. d5 cxd5 31. Bxd5 b5 32. Re6 Bxb2 33. Rxa6 Bd4+ 34. Kf1 bxc4 35. bxc4 Be5 36. h3 Bf4 37. Rxg6 h5 38. g3 Bc7 39. h4 Kd7 40. Bf3 Ke7 41. Bxh5 1-0

[Event "Porto Sant Elpidio op-B 11th"]
[Site "Porto Sant Elpidio"]
[Date "2008.11.22"]
[Round "1"]
[White "Capito, Mario"]
[Black "Ciarloni, Giuseppe"]
[Result "0-1"]
[WhiteElo "1701"]
[BlackElo "1488"]
[PlyCount "32"]
[EventDate "2008.11.22"]
[EventType "swiss"]
[EventRounds "6"]
[EventCountry "ITA"]
[SourceTitle "EXT 2011"]
[Source "ChessBase"]
[SourceDate "2010.11.26"]
[SourceVersion "1"]
[SourceVersionDate "2010.11.26"]
[SourceQuality "1"]

1. e4 e5 2. Nf3 Nc6 3. Bb5 Bc5 4. 0-0 d6 5. c3 a6 6. d4 axb5 7. dxc5 dxc5 8. Qxd8+ Kxd8 9. Rd1+ Ke7 10. Rd5 b6 11. Nxe5 Nxe5 12. Rxe5+ Be6 13. b3 f6 14. Rh5 g6 15. Rh4 g5 16. Rh5 Bg4 0-1

[Event "ITA-ch U20"]
[Site "Bratto"]
[Date "2008.08.28"]
[Round "7"]
[White "Capito, Mario"]
[Black "Cinque, Antonio"]
[Result "0-1"]
[WhiteElo "1455"]
[BlackElo "1867"]
[PlyCount "80"]
[EventDate "2008.08.22"]
[EventType "swiss"]
[EventRounds "9"]
[EventCountry "ITA"]
[SourceTitle "CBM 126 Extra"]
[Source "ChessBase"]
[SourceDate "2008.11.05"]
[SourceVersion "1"]
[SourceVersionDate "2008.11.05"]
[SourceQuality "1"]

1. c4 e6 2. Nc3 d5 3. d4 Nf6 4. cxd5 exd5 5. Nf3 c6 6. h3 Be7 7. Bf4 0-0 8. e3 Bf5 9. Be2 Nbd7 10. Nd2 Nb6 11. 0-0 Re8 12. Nb3 Nfd7 13. Bd3 Bxd3 14. Qxd3 Nc4 15. Qc2 Bd6 16. Bxd6 Nxd6 17. Na4 Re6 18. Nac5 Rg6 19. Nxd7 Qxd7 20. Kh2 Ne4 21. f3 Qc7+ 22. Kg1 Nd6 23. Rfe1 Re8 24. Nc5 b6 25. Nd3 Rge6 26. Ne5 Nb7 27. Rac1 c5 28. Qf5 f6 29. Ng4 Nd6 30. Qxd5 Qb7 31. Qb3 c4 32. Qc3 b5 33. a3 h5 34. Nf2 f5 35. b3 Qe7 36. Nd1 Qh4 37. Nf2 Rg6 38. bxc4 Qg3 39. Kf1 Qxg2+ 40. Ke2 Rg3 0-1